Supervision

Guardat en:
Dades bibliogràfiques
Autor principal: RAY, Charles M.
Format: Llibre
Idioma:anglès
Publicat: Dryden Press 1983
Etiquetes: Afegir etiqueta
Sense etiquetes, Sigues el primer a etiquetar aquest registre!

MARC

LEADER 00000nam a22000007a 4500
008 201223b ||||| |||| 00| 0 eng d
020 |a  0-03-054556-0 
100 |a RAY, Charles M. 
245 |a Supervision  |c M. Ray, Charles L. Eison  |e (The Dryden Press Management Series). 
260 |b Dryden Press  |c 1983  |h Chicago  |i 276923  |i 276924   |l HF5549 .R21 
942 |a lcc  |c BK  |e ADEYEYE Y. S.  |f 23/12/2020 
952 |0 0  |1 0  |2 lcc  |4 0  |6 HF5549 R21  |7 0  |9 1175  |a HOL  |b HOL  |c GJ  |d 2020-12-23  |l 0  |o HF5549 .R21  |p 2020-230381  |r 2020-12-23 00:00:00  |w 2020-12-23  |y BK 
952 |0 0  |1 0  |2 lcc  |4 0  |6 HF5549 R21  |7 0  |9 1176  |a HOL  |b HOL  |c GJ  |d 2020-12-23  |l 0  |o HF5549 .R21  |p 2020-230382  |r 2020-12-23 00:00:00  |w 2020-12-23  |y BK 
999 |c 618  |d 618